000 00887nam a22003377a 4500
005 20190926145403.0
008 190111b xxu||||| |||| 00| 0 spa d
020 _a9789587715415
041 _aspa
082 _a005.275 W251b
100 _aWanumen Silva, Luis Felipe
_956198
100 _aRivas Trujillo, Edwin
_956199
100 _aMosquera Palacios, Darin Jairo
_956200
245 _aJava Básico
260 _aColombia
260 _bECOE Ediciones
260 _c2017
300 _a208 páginas
650 _aPROGRAMACIÓN
_9686
650 _aJAVA
_95528
650 _aLENGUAJE DE PROGRAMACIÓN
_910723
650 _aHTML
_95535
650 _aVARIABLES
_9773
650 _aATRIBUTOS
_9772
650 _aTIPOS DE DATOS
_956201
650 _aOPERACIONES
_95620
650 _aAUTÓMATAS
_919581
650 _aEVENTOS
_95531
650 _aSTRINGS
_952681
942 _cBK
999 _c12365
_d12365